| 000 | 00000nam##2200000za#4500 |
| 001 | 9.572550 |
| 003 | CaOODSP |
| 005 | 20220111083114 |
| 007 | cr ||||||||||| |
| 008 | 150406|1998||||xxc|||||o f|0| 0 eng|d |
| 022 | |a1928-6414 |
| 040 | |aCaOODSP|beng |
| 043 | |an-cn--- |
| 086 | 1 |aNE22-1/1998-9E-PDF |
| 110 | 1 |aCanada. |bNational Energy Board. |
| 245 | 10|aReasons for decision in the matter of Sable Offshore Energy Inc. : |h[electronic resource]|bapplication dated 9 June 1998 for approval of the plan, profile and book of reference respecting the detailed route of a subsea pipeline from the Thebaud platform to landfall near Goldboro Nova Scotia; and an onshore pipeline from the landfall point to the inlet of the gas processing plant located east of Goldboro, Nova Scotia |
| 246 | 1 |iVariant title : |aSable Offshore Energy Inc. |
| 260 | |aCalgary - Alberta : |bNational Energy Board |cOctober 1998. |
| 300 | |a22p.|bfigs., table |
| 490 | 1 |aReasons for decision|x1928-6414|vMH-4-98 |
| 500 | |aThe catalogue number (NE22-1/1998-9E) and ISBN (0-662-27338-9) for the print edition have been incorrectly copied in this electronic publication. |
| 590 | |a12-09-Supp|b2012-03-21 |
| 775 | 08|tMotifs de décision relativement à Sable Offshore Energy Inc. : |w(CaOODSP)9.602895 |
| 776 | 0#|tIn the matter of Sable Offshore Energy Inc. : |w(CaOODSP)9.614618 |
| 830 | #0|aReasons for decision (Canada. National Energy Board)|x1928-6414|vMH-4-98|w(CaOODSP)9.504480 |
| 856 | 40|ahttp://publications.gc.ca|qPDF|s127 KB|uhttps://publications.gc.ca/collections/Collection/NE22-1-1998-9E.pdf|yMH-4-98 |